000 00796nam a2200253 a 4500
001 BRL_924
005 20190320210945.0
008 241013s1975----mx-a######---#000-0#spa-#
041 _aspa
044 _amx
050 4 _aF1219
_b.C66 12 1975
245 1 0 _aComunicaciones 12 / 1975
_bProyecto Puebla Tlaxcala.
260 _aPuebla, México
_bFundación Alemana para la Investigación Científica
_c1975
300 _a51 p.
_bil., planos
_c28 cm.
500 _aAu276.
504 _aIncluye referencias bibliográficas
650 1 4 _aIndígenas de México
_xAntigüedades
_9509
650 1 4 _aGeología
_zMéxico
_95672
651 4 _aMéxico
_xAntigüedades
_92765
651 4 _aPuebla (México : Estado)
_925336
651 4 _aTlaxcala (México : Estado)
_925337
902 _aGRL
942 _2lcc
_cB
999 _c9736
_d9736